[Event "Titled Tue 1st Jul Early"]
[Site "chess.com INT"]
[Date "2025.07.01"]
[Round "7"]
[White "Reshetnikov, Alexey"]
[Black "Kozak, Adam"]
[Result "0-1"]
[WhiteTitle "IM"]
[BlackTitle "GM"]
[WhiteElo "2492"]
[BlackElo "2589"]
[WhiteFideId "4162080"]
[BlackFideId "753246"]
[EventDate "2025.07.01"]

1. d4 a6 2. e4 b5 3. Bd3 Bb7 4. Nf3 e6 5. O-O c5 6. c3 cxd4 7. cxd4 Nc6 8. a3
Na5 9. Nbd2 Rc8 10. b3 Nf6 11. Re1 Be7 12. Bb2 O-O 13. Qe2 d6 14. Rad1 Re8 15.
h4 Nh5 16. g3 g6 17. Rc1 Rxc1 18. Rxc1 Qd7 19. b4 Nc6 20. Qe3 Bf8 21. d5 exd5
22. Qb6 Ba8 23. Qxa6 dxe4 24. Bxe4 Nxb4 25. axb4 Bxe4 26. Nxe4 Rxe4 27. Rc8 Re8
28. Rxe8 Qxe8 29. Qb7 h6 30. Kg2 Qe2 31. Bd4 Qc4 32. Be3 Nf6 33. Qa8 Qd5 34. Qd8
Ng4 35. Bf4 Kg7 36. Qe8 Qa2 37. Qe1 Kh7 38. Nd4 Bg7 39. Nf3 Bf6 40. Kg1 Kg7 41.
Qf1 Qd5 42. Kg2 Be5 43. Bd2 Bf6 0-1

[Event "Titled Tue 1st Jul Early"]
[Site "chess.com INT"]
[Date "2025.07.01"]
[Round "7"]
[White "Vu Quang Quyen"]
[Black "Perez Rojas, Jorge"]
[Result "0-1"]
[WhiteTitle "CM"]
[BlackTitle "FM"]
[WhiteElo "2026"]
[BlackElo "2100"]
[WhiteFideId "12402168"]
[BlackFideId "3452093"]
[EventDate "2025.07.01"]

1. Nf3 d5 2. g3 Nf6 3. Bg2 g6 4. O-O Bg7 5. d4 O-O 6. c4 dxc4 7. Na3 c5 8. Nxc4
cxd4 9. Nxd4 Nbd7 10. h3 e5 11. Nb5 a6 12. Nbd6 Rb8 13. Nxc8 Qxc8 14. Nd6 Qc7
15. Be3 b5 16. Rc1 Qa5 17. Qb3 Nb6 18. Bxb6 Rxb6 19. Rfd1 h5 20. Nb7 Qa4 21. Nc5
Qxb3 22. Nxb3 Re8 23. Bc6 Re7 24. e4 Bh6 25. Rc2 Rc7 26. Na5 Bf8 27. a3 b4 28.
a4 b3 29. Rc4 Bb4 30. Bd5 Nxd5 31. exd5 Rd7 32. Nc6 Bd6 33. Kg2 Kg7 34. g4 hxg4
35. hxg4 f6 36. Kf3 Rbb7 37. Na5 Rb4 0-1

[Event "Titled Tue 1st Jul Early"]
[Site "chess.com INT"]
[Date "2025.07.01"]
[Round "7"]
[White "Preobrazhenskaya, Diana"]
[Black "Aakash, G"]
[Result "0-1"]
[WhiteTitle "WFM"]
[BlackTitle "FM"]
[WhiteElo "2029"]
[BlackElo "2126"]
[WhiteFideId "34270566"]
[BlackFideId "25644394"]
[EventDate "2025.07.01"]

1. e4 e6 2. d4 d5 3. Nc3 Nf6 4. Bg5 Be7 5. e5 Nfd7 6. Bxe7 Qxe7 7. f4 O-O 8. Nf3
c5 9. Nb5 Nc6 10. c3 cxd4 11. Nbxd4 f6 12. Nxc6 bxc6 13. Bd3 fxe5 14. fxe5 Qc5
15. Qe2 a5 16. Ng5 Nxe5 17. Bxh7+ Kh8 18. Qxe5 Qf2+ 19. Kd1 Qxg2 20. Re1 Bd7 21.
Bc2 Rf2 22. Re2 Rxe2 23. Nf7+ Kg8 24. Qxe2 Qg1+ 25. Kd2 Qxa1 26. Ng5 Qg1 27. Qh5
Qf2+ 28. Kc1 Qf4+ 29. Kd1 Rb8 30. Qh7+ Kf8 31. Qh8+ Ke7 32. Qxg7+ Kd6 33. Nf7+
Kc7 34. Ne5 Rd8 35. Nd3 Qxh2 36. Qd4 Rb8 37. Qa7+ Rb7 38. Qxa5+ Kc8 39. Nc5 Rxb2
40. Qa8+ Qb8 41. Qa6+ Kd8 42. Qa5+ Qb6 43. Qa8+ Ke7 44. Nxd7 Qg1+ 45. Kd2 Qf2+
46. Kd3 Qxc2+ 47. Kd4 Qe4+ 48. Kc5 Qc4# 0-1

[Event "Titled Tue 1st Jul Early"]
[Site "chess.com INT"]
[Date "2025.07.01"]
[Round "7"]
[White "Ochedzan, Filip"]
[Black "Burovic, Rijad"]
[Result "0-1"]
[WhiteTitle "CM"]
[BlackTitle "IM"]
[WhiteElo "2044"]
[BlackElo "2420"]
[WhiteFideId "21892610"]
[BlackFideId "14407701"]
[EventDate "2025.07.01"]

1. Nf3 g6 2. g3 Bg7 3. Bg2 e5 4. O-O Nc6 5. Nc3 d5 6. e3 Nge7 7. d3 O-O 8. e4 d4
9. Ne2 a5 10. Ne1 a4 11. f4 Be6 12. Nf3 f6 13. Nh4 Qd7 14. a3 Na5 15. Bd2 c5 16.
fxe5 fxe5 17. Rxf8+ Bxf8 18. Nf3 h6 19. Nxe5 Qb5 20. Nf4 Bg7 21. Nexg6 Nxg6 22.
Nxg6 Qxb2 23. Nf4 Bf7 24. e5 Bxe5 25. Qg4+ Bg7 26. Rc1 Nb3 27. cxb3 Qxd2 28. Rd1
Qe3+ 29. Kh1 axb3 30. Bd5 Bxd5+ 31. Nxd5 Qe5 32. Nf4 Rxa3 33. Qc8+ Kh7 34. Qxb7
Qe3 35. Nh5 Qg5 36. Qe4+ Qg6 37. Qd5 b2 38. Nf4 Ra1 39. Qf3 Rxd1+ 40. Qxd1 Qb6
41. Qb1 Qb3 42. Ne2 Qa3 43. Nf4 Qa1 0-1

[Event "Titled Tue 1st Jul Early"]
[Site "chess.com INT"]
[Date "2025.07.01"]
[Round "7"]
[White "Campos Gomez, Manuel"]
[Black "Estrada Nieto, Julian"]
[Result "1-0"]
[WhiteTitle "IM"]
[BlackTitle "IM"]
[WhiteElo "2359"]
[BlackElo "2189"]
[WhiteFideId "4444710"]
[BlackFideId "5101018"]
[EventDate "2025.07.01"]

1. Nf3 d5 2. c4 d4 3. b4 c5 4. bxc5 Nc6 5. e3 e5 6. Bb2 Bxc5 7. Qa4 Bd7 8. Qb3
Nf6 9. exd4 Nxd4 10. Nxd4 exd4 11. Be2 O-O 12. O-O Bc6 13. Bf3 Re8 14. Na3 Ne4
15. Rad1 d3 16. Nb5 Qh4 17. Bd4 Bxd4 18. Nxd4 Nxd2 19. Rxd2 Qxd4 20. Rxd3 Qc5
21. Bd5 Rad8 22. Rfd1 Bxd5 23. cxd5 Rd7 24. h4 Red8 25. g3 h5 26. R1d2 g6 27.
Rc2 Qb6 28. Qc4 Qa5 29. Rcd2 a6 30. d6 Qb6 31. Qf4 Qc5 32. Rd5 Qc1+ 33. Kh2 b5
34. Qf6 Qe1 35. Rxh5 gxh5 36. Rd5 Qe4 37. Rg5+ Qg6 38. Rxg6+ fxg6 39. Qxg6+ Kf8
40. Qf6+ Kg8 41. Qg5+ Kf7 42. Qxh5+ Ke6 43. Qg6+ Kd5 44. h5 Rxd6 45. Qf5+ Kc6
46. g4 b4 47. g5 Rd5 48. Qf3 Kc5 49. Qe3+ Kc4 50. h6 Rg8 51. h7 1-0

[Event "Titled Tue 1st Jul Early"]
[Site "chess.com INT"]
[Date "2025.07.01"]
[Round "7"]
[White "Korchynskyi, Mykola"]
[Black "Karpenko, Anton"]
[Result "0-1"]
[WhiteTitle "FM"]
[BlackTitle "CM"]
[WhiteElo "2346"]
[BlackElo "2218"]
[WhiteFideId "34138005"]
[BlackFideId "34374353"]
[EventDate "2025.07.01"]

1. d4 Nf6 2. c4 c5 3. e3 cxd4 4. exd4 d5 5. Nc3 Bg4 6. Be2 Bxe2 7. Qxe2 e6 8.
Bg5 dxc4 9. O-O-O Be7 10. d5 Qc8 11. d6 Bd8 12. Nf3 Nbd7 13. g4 Ba5 14. Bxf6
gxf6 15. Nd5 Qc5 16. g5 O-O-O 17. Ne7+ Kb8 18. gxf6 c3 19. Kb1 cxb2 20. Rd3 Bc3
21. Qc2 Bxf6 22. Qb3 Nb6 23. Rhd1 Rd7 24. a3 Rhd8 25. Ka2 Rxd6 26. Rxd6 Rxd6 27.
Ng8 Rxd1 28. Qxd1 Qd5+ 29. Qxd5 Nxd5 30. Nxf6 Nxf6 31. Kxb2 Ne4 32. Ne5 f6 33.
Nd7+ Kc7 34. Nf8 Kd6 35. f3 Nd2 36. f4 Ke7 37. Nxh7 Kf7 38. h4 Kg7 39. Ng5 fxg5
40. hxg5 Nc4+ 41. Kc3 Nxa3 42. Kd4 Nb5+ 43. Ke5 Kf7 44. g6+ Kxg6 45. Kxe6 Nd4+
46. Ke5 Nf5 47. Ke4 Kf6 48. Kd5 Ke7 0-1

[Event "Titled Tue 1st Jul Early"]
[Site "chess.com INT"]
[Date "2025.07.01"]
[Round "7"]
[White "Mizzi, Jack"]
[Black "Sobek, Jaroslav"]
[Result "1-0"]
[WhiteTitle "CM"]
[BlackTitle "FM"]
[WhiteElo "2106"]
[BlackElo "2195"]
[WhiteFideId "5602521"]
[BlackFideId "301388"]
[EventDate "2025.07.01"]

1. d4 d5 2. c4 dxc4 3. e3 Be6 4. Nd2 c5 5. Bxc4 Bxc4 6. Nxc4 cxd4 7. exd4 e6 8.
Nf3 Nf6 9. O-O Be7 10. Bf4 Nc6 11. Nce5 Qb6 12. Rc1 Rc8 13. Qa4 O-O 14. Nxc6
Rxc6 15. Rxc6 bxc6 16. Bc1 c5 17. Be3 Nd5 18. dxc5 Bxc5 19. Bxc5 Qxc5 20. Qd4
Qa5 21. a3 Rd8 22. Ne5 Qb6 23. Rd1 Qxd4 24. Rxd4 Rc8 25. Rd1 f6 26. Nd3 Rc2 27.
Kf1 Kf7 28. Ke1 Nb6 29. Rd2 Rc4 30. Nb4 e5 31. Ke2 f5 32. f3 Ke6 33. Rc2 Rh4 34.
h3 a5 35. Rc6+ Kd7 36. Rxb6 axb4 37. axb4 Rc4 38. Rb7+ Kc6 39. Rxg7 Rxb4 40.
Rxh7 Rxb2+ 41. Kf1 f4 42. Rh8 Kd5 43. Rd8+ Ke6 44. Kg1 Kf5 45. Kh2 Re2 46. Rf8+
Kg5 47. Rg8+ Kf5 48. h4 e4 49. fxe4+ Rxe4 50. Rg5+ Kf6 51. Ra5 Re3 52. Rg5 1-0

[Event "Titled Tue 1st Jul Early"]
[Site "chess.com INT"]
[Date "2025.07.01"]
[Round "7"]
[White "Oviedo Acosta, Paula"]
[Black "Weerasekara, Dishal Nimsara"]
[Result "1/2-1/2"]
[WhiteTitle "WFM"]
[BlackTitle "FM"]
[WhiteElo "1928"]
[BlackElo "2104"]
[WhiteFideId "3704394"]
[BlackFideId "9997431"]
[EventDate "2025.07.01"]

1. e4 c6 2. d4 d5 3. Nc3 dxe4 4. Nxe4 Bf5 5. Ng3 Bg6 6. h4 h6 7. f4 e6 8. Nf3
Nd7 9. h5 Bh7 10. Bd3 Bxd3 11. Qxd3 Qc7 12. Ne5 Ngf6 13. Ne4 Nxe4 14. Qxe4 Nf6
15. Qf3 c5 16. Be3 cxd4 17. Bxd4 Bc5 18. O-O-O Bxd4 19. Rxd4 O-O 20. g4 Rac8 21.
Rd2 Qa5 22. a3 Rfd8 23. Rxd8+ Rxd8 24. Qxb7 Qd2+ 25. Kb1 Qxf4 26. Qxf7+ Kh7 27.
Qg6+ Kg8 28. Qf7+ Kh7 29. Ng6 Qxg4 30. Nf8+ Kh8 31. Nxe6 Re8 32. Nf8 Rd8 33.
Ng6+ Kh7 34. Ne5 Rd1+ 35. Rxd1 Qxd1+ 36. Ka2 Qxc2 37. Ng6 Qf5 38. Nf8+ Kh8 39.
Ne6 Qd5+ 40. Ka1 Qd1+ 41. Ka2 Qd5+ 42. Kb1 Nxh5 43. Qe8+ Kh7 44. Nf8+ Kg8 45.
Ng6+ Kh7 46. Nf8+ Kg8 47. Ng6+ Kh7 48. Nf8+ 1/2-1/2

[Event "Titled Tue 1st Jul Early"]
[Site "chess.com INT"]
[Date "2025.07.01"]
[Round "7"]
[White "Fernandes, Rogerio Paulo Muller"]
[Black "Klys, Kacper"]
[Result "0-1"]
[BlackTitle "CM"]
[WhiteElo "2241"]
[BlackElo "2124"]
[WhiteFideId "2101599"]
[BlackFideId "21005281"]
[EventDate "2025.07.01"]

1. c4 e5 2. g3 c6 3. Nf3 e4 4. Nd4 d5 5. cxd5 Qxd5 6. e3 Nf6 7. Nc3 Qe5 8. d3
exd3 9. Qxd3 Na6 10. Bg2 Nc5 11. Qc2 Bd7 12. O-O Be7 13. b4 Na6 14. a3 O-O 15.
Bb2 Qc7 16. Rac1 Rac8 17. Nf5 Bxf5 18. Qxf5 Rfd8 19. Ne4 Rd5 20. Nxf6+ Bxf6 21.
Bxd5 Bxb2 22. Rc2 Bxa3 23. Be4 g6 24. Qf4 Bxb4 25. Qf3 Bf8 26. Rd1 Nc5 27. Rcd2
a5 28. Bc2 a4 29. e4 b5 30. Qc3 Rb8 31. Kg2 b4 32. Qc4 b3 33. Bb1 a3 34. Rc1 a2
35. Bxa2 bxa2 36. Rxa2 Qe5 37. Re2 Rc8 38. f4 Qb8 39. e5 Ne6 40. Rcc2 c5 41. Rb2
Qa8+ 42. Qe4 Qa3 43. Rbc2 c4 44. Red2 c3 0-1

[Event "Titled Tue 1st Jul Early"]
[Site "chess.com INT"]
[Date "2025.07.01"]
[Round "7"]
[White "Vihaan Dumir"]
[Black "Le, Minh Tu"]
[Result "0-1"]
[WhiteTitle "CM"]
[BlackTitle "FM"]
[WhiteElo "2143"]
[BlackElo "1932"]
[WhiteFideId "25901010"]
[BlackFideId "12404888"]
[EventDate "2025.07.01"]

1. d4 d5 2. Bf4 c5 3. e3 Nc6 4. Nf3 Bg4 5. dxc5 e5 6. Bg3 e4 7. h3 Bh5 8. Be2
exf3 9. Bxf3 Bxf3 10. Qxf3 Bxc5 11. Nc3 Nf6 12. Rd1 Bb4 13. O-O Bxc3 14. bxc3
Qe7 15. Bh4 O-O 16. Rxd5 Qe4 17. Bxf6 Qxf3 18. gxf3 gxf6 19. Rd7 Rab8 20. f4
Rfd8 21. Rfd1 Kf8 22. Kg2 Ke8 23. R7d3 Ke7 24. Kf3 Rbc8 25. Rb1 b6 26. Rb5 Na5
27. Rxd8 Kxd8 28. Rh5 Rxc3 29. Rxh7 Ke7 30. Rh8 Rxc2 31. Ra8 Nc6 32. Rc8 Kd7 33.
Rg8 Rxa2 34. h4 Ra1 35. Ke4 Rh1 36. Rh8 a5 37. Kf5 Ke7 38. h5 a4 39. Rc8 Nd8 40.
Kg4 a3 41. Ra8 Ra1 42. h6 a2 43. h7 Rg1+ 44. Kf3 Rh1 0-1

[Event "Titled Tue 1st Jul Early"]
[Site "chess.com INT"]
[Date "2025.07.01"]
[Round "7"]
[White "Weetik, Vjacheslav"]
[Black "Reprintsev, Alexander"]
[Result "0-1"]
[WhiteTitle "FM"]
[BlackTitle "IM"]
[WhiteElo "2423"]
[BlackElo "2256"]
[WhiteFideId "4153472"]
[BlackFideId "14100541"]
[EventDate "2025.07.01"]

1. Nf3 d5 2. g3 Nc6 3. d4 Bf5 4. c4 e6 5. Bg2 Nb4 6. O-O h6 7. Nc3 c6 8. a3 Nc2
9. Ra2 Nf6 10. b3 dxc4 11. bxc4 Qa5 12. Rxc2 Bxc2 13. Qxc2 Bxa3 14. Bxa3 Qxa3
15. Ne1 O-O 16. Nd3 Rac8 17. e3 b6 18. Ne5 Qd6 19. Ra1 a5 20. Na4 c5 21. Nf3
cxd4 22. Nxd4 Qb4 23. Nc6 Qd6 24. Rd1 Qc7 25. Qb2 Nd7 26. Qb5 Kh8 27. h3 Rfe8
28. f4 f6 29. Kh2 e5 30. Nc3 exf4 31. exf4 Nb8 32. Nxb8 Rxb8 33. Qf5 Qxc4 34.
Be4 Rxe4 35. Qxe4 Qxc3 36. Rd7 Qb2+ 37. Kh1 Rc8 38. Rd1 Qc3 39. Qf5 Qf3+ 40. Kh2
Qf2+ 41. Kh1 Re8 42. Rg1 Qf3+ 43. Rg2 a4 44. Kh2 a3 45. Qg6 Re2 46. Rxe2 Qxe2+
47. Kg1 a2 48. Qe8+ Qxe8 0-1

[Event "Titled Tue 1st Jul Early"]
[Site "chess.com INT"]
[Date "2025.07.01"]
[Round "7"]
[White "Shandrygin, Nikita"]
[Black "Galchenko, Matvey"]
[Result "1/2-1/2"]
[WhiteTitle "FM"]
[BlackTitle "IM"]
[WhiteElo "2209"]
[BlackElo "2435"]
[WhiteFideId "24198668"]
[BlackFideId "24175480"]
[EventDate "2025.07.01"]

1. Nf3 c5 2. g3 g6 3. d4 cxd4 4. Nxd4 Bg7 5. Nb3 a5 6. a4 d5 7. Bg2 e6 8. e4 d4
9. c3 e5 10. O-O Nc6 11. Na3 Nge7 12. Nb5 O-O 13. cxd4 Nxd4 14. N3xd4 exd4 15.
Bf4 Be6 16. Nc7 Rc8 17. Nxe6 fxe6 18. Qb3 Qd7 19. Bh3 Rc6 20. Rac1 Rfc8 21. Rxc6
Rxc6 22. Bd2 b6 23. Kg2 d3 24. Rd1 Kf7 25. Be3 Rd6 26. f4 Qc6 27. Kf3 Qd7 28.
Bf1 d2 29. Bb5 Qd8 30. Qc2 Bd4 31. Rxd2 Bxe3 32. Rxd6 Qxd6 33. Kxe3 e5 34. Qc3
exf4+ 35. gxf4 Qd1 36. Bc4+ Ke8 37. Qh8+ Kd7 38. Bb5+ Ke6 39. Qe5+ Kf7 40. Bc4+
Ke8 41. Qh8+ Kd7 42. Bb5+ Ke6 43. Qe5+ Kf7 44. Bc4+ Ke8 45. Qb8+ Kd7 46. Qb7+
Ke8 47. Qa8+ Kd7 48. Bb5+ Ke6 49. Bc4+ Kd7 50. Qa7+ Ke8 51. Qb8+ Kd7 52. Qa7+
Ke8 53. Qb8+ 1/2-1/2

[Event "Titled Tue 1st Jul Early"]
[Site "chess.com INT"]
[Date "2025.07.01"]
[Round "7"]
[White "Kanyamarala, Trisha"]
[Black "Jalving, August"]
[Result "1/2-1/2"]
[WhiteTitle "WIM"]
[BlackTitle "FM"]
[WhiteElo "2233"]
[BlackElo "2320"]
[WhiteFideId "45004722"]
[BlackFideId "1471759"]
[EventDate "2025.07.01"]

1. c4 e5 2. Nc3 Bb4 3. Nd5 Bc5 4. g3 c6 5. Nc3 Nf6 6. Bg2 d5 7. cxd5 cxd5 8. d3
h6 9. Nf3 Nc6 10. O-O O-O 11. a3 Re8 12. b4 Bb6 13. Bb2 a6 14. Rc1 Bg4 15. Na4
Ba7 16. Nc5 Rb8 17. Nxb7 Rxb7 18. Rxc6 e4 19. Bxf6 gxf6 20. dxe4 dxe4 21. Nh4
Qxd1 22. Rxd1 Bxe2 23. Re1 Bd3 24. Rxf6 Rb6 25. Rf4 Rbe6 26. Nf5 Kh7 27. Rg4 e3
28. Nxe3 Bxe3 29. Rxe3 Rxe3 30. fxe3 Rxe3 31. Rf4 Kg7 32. a4 Re1+ 33. Kf2 Ra1
34. a5 Ra2+ 35. Kg1 Ra1+ 36. Bf1 Rb1 37. Kg2 Bxf1+ 38. Rxf1 Rxb4 39. Ra1 Rb3 40.
Ra4 f6 41. Kf2 Rb2+ 42. Kg1 Kg6 43. Rc4 Kg5 44. Rc6 Kg4 45. Rxf6 Rb1+ 46. Kg2
Rb2+ 47. Rf2 Rb5 48. Rf4+ Kg5 49. Ra4 Rb2+ 50. Kh3 h5 51. Rf4 Rb5 52. Ra4 Rb2
53. Re4 Rb5 54. Ra4 Rb2 1/2-1/2

[Event "Titled Tue 1st Jul Early"]
[Site "chess.com INT"]
[Date "2025.07.01"]
[Round "7"]
[White "Rustemov, Alexander"]
[Black "Skliarov, Viktor"]
[Result "1/2-1/2"]
[WhiteTitle "GM"]
[BlackTitle "IM"]
[WhiteElo "2525"]
[BlackElo "2334"]
[WhiteFideId "4119002"]
[BlackFideId "14106736"]
[EventDate "2025.07.01"]

1. d4 Nf6 2. c4 e6 3. Nf3 b6 4. a3 Bb7 5. Nc3 d5 6. Bg5 Be7 7. e3 O-O 8. Rc1
dxc4 9. Bxc4 Nbd7 10. O-O c5 11. Qe2 Ne4 12. Bxe7 Qxe7 13. Ba6 Nxc3 14. Rxc3
Bxf3 15. Qxf3 cxd4 16. exd4 Nf6 17. Rfc1 Qd6 18. Rc4 Rad8 19. g3 h5 20. a4 Rd7
21. Kg2 Rfd8 22. Bb5 Re7 23. h4 Qd5 24. Qxd5 Nxd5 25. Rc8 Rxc8 26. Rxc8+ Kh7 27.
Kf3 Kg6 28. Ke4 Kf6 29. Bc4 Rc7 30. Rxc7 Nxc7 31. d5 exd5+ 32. Bxd5 Ke7 33. Ke5
f6+ 34. Kd4 g6 35. Be4 f5 36. Bd5 Kf6 37. f4 Ne8 38. Bf3 Ke6 39. Bd5+ Kf6 40. b4
Nd6 41. Bf3 Ke6 42. Bd5+ Kf6 43. a5 Ne8 44. Bc6 Nc7 45. Kc4 Ke6 46. Bf3 Kd6 47.
Bb7 Ke6 48. Bc6 Kd6 49. Bb7 Ke6 50. Bf3 Kd6 51. Bb7 1/2-1/2

[Event "Titled Tue 1st Jul Early"]
[Site "chess.com INT"]
[Date "2025.07.01"]
[Round "7"]
[White "Li, Hui"]
[Black "Ryabukhin, Roman"]
[Result "0-1"]
[WhiteTitle "CM"]
[BlackTitle "CM"]
[WhiteElo "2065"]
[BlackElo "2236"]
[WhiteFideId "15400310"]
[BlackFideId "24257893"]
[EventDate "2025.07.01"]

1. e4 c5 2. Nf3 Nc6 3. d4 cxd4 4. Nxd4 Nf6 5. Nc3 e5 6. Ndb5 d6 7. Bg5 a6 8. Na3
b5 9. Nd5 Be7 10. Bxf6 Bxf6 11. c3 Rb8 12. Nc2 Bg5 13. a4 bxa4 14. Ncb4 Nxb4 15.
cxb4 Bd7 16. Bxa6 O-O 17. O-O Kh8 18. Bc4 f5 19. exf5 Rxf5 20. b3 axb3 21. Qxb3
e4 22. Rfe1 Qf8 23. Ra2 Re5 24. b5 Bd8 25. g3 Be6 26. Nc3 Bf5 27. Nd5 Be6 28.
Nc3 Bf5 29. Nd5 h6 30. Ne3 Bd7 31. Nd5 Qf5 32. Ne3 Qf3 33. Be2 Qf8 34. Ra6 Bb6
35. Rf1 Be6 36. Bc4 Bc8 37. Raa1 Qf3 38. Ra2 Bc5 39. Be2 Qf8 40. Bc4 Bd7 41. Ra6
Qf3 42. Ra2 d5 43. Nxd5 Qxb3 44. Bxb3 Bxb5 0-1

[Event "Titled Tue 1st Jul Early"]
[Site "chess.com INT"]
[Date "2025.07.01"]
[Round "7"]
[White "Szpar, Milosz"]
[Black "Lyakh, Vasiliy"]
[Result "0-1"]
[WhiteTitle "IM"]
[WhiteElo "2490"]
[BlackElo "2123"]
[WhiteFideId "1184989"]
[BlackFideId "14189828"]
[EventDate "2025.07.01"]

1. e4 c5 2. Nf3 e6 3. c3 Nf6 4. e5 Nd5 5. d4 cxd4 6. cxd4 d6 7. Bc4 Nc6 8. O-O
Be7 9. Qe2 O-O 10. Rd1 b6 11. Qe4 Bb7 12. Bd3 g6 13. Bh6 Re8 14. exd6 Qxd6 15.
Nc3 Ncb4 16. Nb5 Qd8 17. Bf1 a6 18. Na3 b5 19. Ne5 Qb6 20. Qf3 Nf6 21. Qf4 Nbd5
22. Qg3 Nh5 23. Qg4 Nhf6 24. Qh3 Rac8 25. Be2 Rc7 26. Qg3 Rec8 27. h4 Ne4 28.
Qh3 Bf6 29. Qf3 Ne7 30. Bd3 Bxe5 31. dxe5 Nf5 32. Bxe4 Bxe4 33. Qxe4 Nxh6 34.
Rd6 Qc5 35. Rad1 b4 36. Nb1 Nf5 37. Rxa6 Qc2 38. Qe1 Qxb2 39. Nd2 Rc2 40. Nf3
Rc1 41. Kh2 Rxd1 42. Qxd1 Qxf2 43. Ra4 Qg3+ 44. Kg1 Qf4 45. Qe1 Rc1 46. Ra8+ Kg7
47. Kf2 Rxe1 48. Kxe1 Qe3+ 49. Kf1 Ng3# 0-1

[Event "Titled Tue 1st Jul Early"]
[Site "chess.com INT"]
[Date "2025.07.01"]
[Round "7"]
[White "Caprio, Guido"]
[Black "Leiva, Gianmarco"]
[Result "1-0"]
[WhiteTitle "IM"]
[BlackTitle "IM"]
[WhiteElo "2435"]
[BlackElo "2387"]
[WhiteFideId "834580"]
[BlackFideId "3804399"]
[EventDate "2025.07.01"]

1. d4 Nf6 2. c4 e6 3. Nc3 Bb4 4. e3 O-O 5. Ne2 Re8 6. a3 Bf8 7. Ng3 d6 8. e4 c5
9. d5 a6 10. Be2 exd5 11. exd5 Nbd7 12. O-O Ne5 13. h3 Bd7 14. a4 Rb8 15. a5 b5
16. axb6 Qxb6 17. Ra3 Qb4 18. Na2 Qb6 19. b3 a5 20. Bd2 a4 21. bxa4 Qb2 22. Bc1
Qb1 23. Nc3 Qb4 24. Na2 Qb1 25. a5 h5 26. Bg5 Qb2 27. Bc1 Qb1 28. Nc3 Qb4 29. a6
Nxc4 30. Na2 Qb5 31. a7 Ra8 32. Nc3 Qb4 33. Rb3 Qa5 34. Bxc4 Qxa7 35. Bg5 Nh7
36. Bd2 h4 37. Nge4 f5 38. Ng5 Nxg5 39. Bxg5 Qa5 40. Qh5 Re5 41. Qxh4 Be8 42.
Bf4 Re7 43. Bxd6 Rf7 44. Bxf8 Rxf8 45. d6+ Bf7 46. Nd5 Qa4 47. Ne7# 1-0

[Event "Titled Tue 1st Jul Early"]
[Site "chess.com INT"]
[Date "2025.07.01"]
[Round "7"]
[White "Brenke, Andreas"]
[Black "Bacus, Dharim"]
[Result "0-1"]
[WhiteTitle "FM"]
[BlackTitle "FM"]
[WhiteElo "2349"]
[BlackElo "2131"]
[WhiteFideId "4602900"]
[BlackFideId "5201527"]
[EventDate "2025.07.01"]

1. d4 Nf6 2. c4 e6 3. Nc3 Bb4 4. Qc2 d5 5. cxd5 exd5 6. Bg5 c6 7. e3 O-O 8. Bd3
h6 9. Bh4 a5 10. Ne2 Re8 11. O-O Nbd7 12. Rae1 Bd6 13. h3 b5 14. Nd1 Qb6 15. Kh1
b4 16. f3 c5 17. dxc5 Bxc5 18. Nd4 Bxd4 19. exd4 Qxd4 20. Rxe8+ Nxe8 21. Bf2 Qf6
22. Ne3 Bb7 23. Bb5 Rc8 24. Qa4 Nc5 25. Qxa5 Qxb2 26. Nf5 Qe5 27. Bxe8 Qxf5 28.
Bxc5 Rxe8 29. Qxb4 Bc6 30. Bd4 Qd3 31. Rg1 Re2 32. a3 Rd2 33. Bc5 d4 34. a4 Bxf3
35. Qb8+ Kh7 36. Qg3 Be4 37. Qxd3 Rxd3 38. a5 Rd2 39. a6 d3 40. a7 Ra2 41. Kh2
h5 42. Kg3 g5 43. h4 f6 44. hxg5 fxg5 45. Bd4 Kg6 46. Be3 Re2 0-1

[Event "Titled Tue 1st Jul Early"]
[Site "chess.com INT"]
[Date "2025.07.01"]
[Round "7"]
[White "Nifdaliyev, Jahangir"]
[Black "Aarit Kapil"]
[Result "0-1"]
[WhiteTitle "FM"]
[BlackTitle "CM"]
[WhiteElo "2312"]
[BlackElo "2020"]
[WhiteFideId "13407740"]
[BlackFideId "33408947"]
[EventDate "2025.07.01"]

1. Nf3 Nf6 2. g3 g6 3. Bg2 Bg7 4. O-O O-O 5. d4 d6 6. c4 Nbd7 7. Nc3 Re8 8. e4
e5 9. Be3 exd4 10. Nxd4 Ne5 11. Qe2 a6 12. h3 c5 13. Nc2 Be6 14. b3 Nfd7 15.
Rad1 Nxc4 16. bxc4 Bxc3 17. Rxd6 Qa5 18. f4 Qxa2 19. Rfd1 Bxc4 20. Qf2 Nf6 21.
e5 Nh5 22. g4 Ng7 23. Rd7 Rab8 24. Bxc5 Ne6 25. Be3 Bb3 26. f5 Qxc2 27. Qh4 Bxe5
28. fxe6 Bxe6 29. R7d2 Qc3 30. Bh6 Qg3 31. Qxg3 Bxg3 32. Rb1 b5 33. Ra1 Be5 34.
Rxa6 b4 35. Be4 b3 36. Bb1 b2 37. Rc6 Rbc8 38. Rdc2 Rxc6 39. Rxc6 Bg7 40. Bf4
Bd5 41. Rc2 Re1+ 42. Kf2 Rxb1 43. Rc8+ Bf8 44. Bh6 Rf1+ 45. Kg3 Rf3+ 46. Kh4 g5+
47. Kxg5 f6+ 48. Kh4 Kf7 49. Rxf8+ Kg6 50. Rb8 Rb3 0-1

[Event "Titled Tue 1st Jul Early"]
[Site "chess.com INT"]
[Date "2025.07.01"]
[Round "7"]
[White "Bologan, Victor"]
[Black "Iljin, Timofey"]
[Result "1-0"]
[WhiteTitle "GM"]
[BlackTitle "IM"]
[WhiteElo "2601"]
[BlackElo "2242"]
[WhiteFideId "13900048"]
[BlackFideId "14110180"]
[EventDate "2025.07.01"]

1. e4 e6 2. d3 c5 3. Nf3 Nc6 4. g3 d6 5. Bg2 Nf6 6. O-O Be7 7. h3 O-O 8. c3 Bd7
9. Nbd2 Rc8 10. a3 Re8 11. d4 cxd4 12. cxd4 d5 13. e5 Ne4 14. Nxe4 dxe4 15. Ne1
Qb6 16. Be3 Qxb2 17. Rb1 Qxa3 18. Rxb7 Red8 19. Bxe4 Qa6 20. Qb1 Na5 21. Bxh7+
Kh8 22. Rb2 Nc4 23. Bd3 Qc6 24. Be4 Qc7 25. Rb7 Qa5 26. Qd1 g6 27. Qf3 Kg8 28.
Qg4 Nxe3 29. fxe3 Qd2 30. Ng2 Bc6 31. Bxc6 Rxc6 32. Rxe7 Rc2 33. Qf3 Rf8 34.
Rxa7 f5 35. Raa1 g5 36. Rad1 Qc3 37. Rf2 Rb8 38. Rxc2 Qxc2 39. Rf1 Qd2 40. d5
Rb2 41. dxe6 g4 42. hxg4 Kg7 43. e7 f4 44. gxf4 Qd7 45. e8=Q Qxe8 46. f5 Qb8 47.
f6+ Kf8 48. e6 Qb6 49. e7+ Kf7 50. Qd5+ Kg6 51. Qh5# 1-0

[Event "Titled Tue 1st Jul Early"]
[Site "chess.com INT"]
[Date "2025.07.01"]
[Round "7"]
[White "Rogov, Matfey"]
[Black "Moldagali, Beksultan"]
[Result "1-0"]
[WhiteTitle "FM"]
[BlackTitle "FM"]
[WhiteElo "2348"]
[BlackElo "2397"]
[WhiteFideId "44191308"]
[BlackFideId "13734768"]
[EventDate "2025.07.01"]

1. e4 d5 2. exd5 Qxd5 3. Nc3 Qa5 4. d4 Nf6 5. Nf3 Bf5 6. Ne5 c6 7. Bc4 e6 8. O-O
Nbd7 9. Bf4 Be7 10. Qf3 O-O 11. h3 Bxc2 12. Qe2 Bg6 13. Nxd7 Nxd7 14. Bxe6 fxe6
15. Qxe6+ Rf7 16. Qxd7 Bg5 17. Bc7 Rxd7 18. Bxa5 b6 19. Bb4 Rxd4 20. Ba3 Rad8
21. Rfe1 Kf7 22. Nd1 Rd2 23. Ne3 Bf6 24. Ng4 c5 25. Nxf6 gxf6 26. Rac1 Bf5 27.
Rc4 R8d7 28. Rf4 Be6 29. Rh4 Bf5 30. Rf4 Bg6 31. Re3 Re7 32. Ref3 Re1+ 33. Kh2
Re6 34. b4 cxb4 35. Bxb4 Rxa2 36. Bc3 f5 37. g4 Rc6 38. gxf5 Bh5 39. Rg3 Kf8 40.
Bb4+ Kf7 41. Bc3 Kf8 42. Bd4 Rc1 43. Re4 Bf7 44. Be5 Rc6 45. Bg7+ Kg8 46. Bh6+
Kh8 47. Be3 1-0